| 000 | 00587nam a2200241Ia 4500 | ||
|---|---|---|---|
| 003 | 0100 | ||
| 008 | 130303s9999 xx 000 0 und d | ||
| 020 | _a0155054104 | ||
| 040 | _cARRUPELIB | ||
| 050 | _aBD21.S62 1982 | ||
| 100 | _aSolomon, Robert C | ||
| 245 | 4 | _aThe big questions | |
| 245 | _ba short introduction to philosophy | ||
| 250 | _a2nd ed. | ||
| 260 | _aSan Diego | ||
| 260 | _bHarcourt Brace Company Inc | ||
| 260 | _C1986 | ||
| 300 | _a298p. | ||
| 300 | _b 22cm | ||
| 650 | _aPHILOSOPHY | ||
| 650 | _bAfrica, Sub-Saharan--History--1960- | ||
| 942 | 0 | 0 | _06 |
| 999 |
_c22635 _d22635 |
||